| 000 | 00493nam a2200169Ia 4500 | ||
|---|---|---|---|
| 003 | GCL | ||
| 008 | 140319s9999 xx 000 0 eng d | ||
| 040 |
_aGCL / _cGCL |
||
| 082 | 0 | 4 |
_a944.014 _bR C |
| 100 | 1 | _aROUCHE, MICHEL | |
| 245 | 1 | 0 |
_aCLOVIS HISTOIRE AND MEMOIRE LE PAPTEME DE CLAVIS, SAN ECHO A TRAVERS L'HISTOIRE / _cROUCHE, MICHEL |
| 260 |
_a[S.N] : _bPRESSES DE LA RENAISSANCE ، _c1997 |
||
| 650 | 0 | 4 | _aHISTORY |
| 650 | 0 | 4 | _aFRENCH HISTORY |
| 650 | 0 | 4 | _aMEMORIES |
| 942 |
_2ddc _cBK |
||
| 999 |
_c16161 _d16161 |
||